Hodnotový management Moderní koncepce řízení inovací

Uložené v:
Podrobná bibliografia
Hlavný autor: Vlček, Radim
Médium: Kniha
Jazyk:Czech
Vydavateľské údaje: Praha Management Press 1992
Vydanie:1. vyd.
On-line prístup:View in OPAC
Tagy: Pridať tag
Žiadne tagy, Buďte prvý, kto otaguje tento záznam!

MARC

LEADER 00000nam a2200000 a 4500
005 20260127134330.0
008 131003s1992 CS 0 cze c
020 |a 8085603098 
035 |a vtls001136134 
035 |a SNK000078987 
039 9 |a 201310031053  |b VLOAD  |c 201306201829  |d VLOAD  |c 200809300938  |d mschk03  |y 200412250754  |z VLOAD 
040 |a SNK  |b slo  |c SNK  |d STUSCHK1  |e AACR2 
041 0 |a cze 
044 |a [CS] 
080 |a 65.012.4  |2 1981 
100 1 |a Vlček, Radim 
245 1 |a Hodnotový management  |b Moderní koncepce řízení inovací  |c Radim Vlček 
250 |a 1. vyd. 
260 |a Praha  |b Management Press  |c 1992 
300 |a 102, [3] s.  |c 20 cm 
910 |a SCHK95 
919 |a 80-85603-09-8 
954 |a manažment hodnotový  |x príručky 
999 |c 10061  |d 10061 
942 0 0 |0 2